Lost In The Jungle And The Micro Paradise

Bibliographic Details
Main Author: Smeaton, Chris
Format: Book
Language:English
Published: Kuala Lumpur : Utusan Publications & Distributors Sdn.Bhd. , 1993
Subjects:

MARC

LEADER 00000cam a2200000 7i4500
001 0000103251
005 20130702.0
008 100526 eng
020 |a 9676103292 
090 0 0 |a J 428.6 SME 
100 1 |a Smeaton, Chris 
245 1 0 |a Lost In The Jungle And The Micro Paradise   |c Chris Smeaton 
260 |a Kuala Lumpur :   |b Utusan Publications & Distributors Sdn.Bhd. ,   |c 1993 
300 |a 125p. :   |b ill. ;   |c 21cm. 
650 0 0 |a Readers   |x Fiction 
999 |a 0000205839   |b Buku   |c Rak Terbuka   |e Perbadanan Perpustakaan Awam Melaka